Online
Catalog

Una mujer en la oscuridad / (Record no. 4171)

MARC details
000 -CABECERA
campo de control de longitud fija 00805cam a2200241 a 4500
001 - NÚMERO DE CONTROL
campo de control 000004362
005 - FECHA Y HORA DE LA ÚLTIMA TRANSACCIÓN
campo de control 20200929151430.0
008 - DATOS DE LONGITUD FIJA--INFORMACIÓN GENERAL
campo de control de longitud fija 880919s1995 sp 000 f spa d
020 ## - NÚMERO INTERNACIONAL ESTÁNDAR DEL LIBRO
Número Internacional Estándar del Libro 8420646598
040 ## - FUENTE DE LA CATALOGACIÓN
Centro catalogador/agencia de origen DO-SdBNP
Lengua de catalogación spa
Centro/agencia transcriptor BNPHU
082 ## - NÚMERO DE LA CLASIFICACIÓN DECIMAL DEWEY
Número de clasificación 813.5
Número de documento/Ítem H224u
100 1# - ENTRADA PRINCIPAL--NOMBRE DE PERSONA
Nombre de persona Hammett, Dashiell,
Fechas asociadas al nombre 1894-1961
9 (RLIN) 12851
240 10 - TÍTULO UNIFORME
Título uniforme A woman in the dark
245 10 - MENCIÓN DE TÍTULO
Título Una mujer en la oscuridad /
Mención de responsabilidad, etc. Dashiell Hammett ; traducción de Francisco Pérez de la Cadena.
260 ## - PUBLICACIÓN, DISTRIBUCIÓN, ETC.
Lugar de publicación, distribución, etc. Madrid :
Nombre del editor, distribuidor, etc. Alianza Editorial
-- Grupo Anaya,
Fecha de publicación, distribución, etc. 1995.
300 ## - DESCRIPCIÓN FÍSICA
Extensión 95 p. ;
Dimensiones 15 cm.
490 1# - MENCIÓN DE SERIE
Mención de serie Alianza cien
Designación de volumen o secuencia 59
500 ## - NOTA GENERAL
Nota general Libro de bolsillo
650 #4 - PUNTO DE ACCESO ADICIONAL DE MATERIA--TÉRMINO DE MATERIA
Término de materia o nombre geográfico como elemento de entrada Novela estadounidense
9 (RLIN) 262
650 #4 - PUNTO DE ACCESO ADICIONAL DE MATERIA--TÉRMINO DE MATERIA
Término de materia o nombre geográfico como elemento de entrada Literatura estadounidense
9 (RLIN) 263
700 1# - PUNTO DE ACCESO ADICIONAL--NOMBRE DE PERSONA
Nombre de persona Pérez de la Cadena, Francisco,
Término indicativo de función/relación tr.
9 (RLIN) 12852
830 #0 - PUNTO DE ACCESO ADICIONAL DE SERIE-TÍTULO UNIFORME
Título uniforme Alianza cien ;
Número de parte o sección de la obra 59
9 (RLIN) 12853
Holdings
Estado de retiro Estado de pérdida Restricciones de uso No para préstamo Código de colección Localización permanente Ubicación/localización actual Ubicación en estantería Fecha de adquisición Número de inventario Total de préstamos Signatura topográfica completa Código de barras Fecha visto por última vez Precio válido a partir de Tipo de ítem Koha
        Monografías: Libros y Folletos General General En catalogación 21.07.2009 LF1   813.5 H224u 4362-10 25.06.2020 25.06.2020 Préstamo en sala

Powered by Koha